Civilization V All Leaders & Civilizations - Statistics

General Stats
  • This quiz has been taken 69 times
  • The average score is 51 of 86
Answer Stats
HintBrave New World Answer % Correct
Base Game England
89%
Base Game China
87%
Base Game France
87%
DLC Spain
87%
Base Game Germany
85%
Base Game America
83%
Base Game George Washington
83%
Base Game India
83%
Base Game Japan
83%
Base Game Russia
83%
Base Game Catherine
80%
Base Game Elizabeth I
80%
Base Game Napoleon
80%
Base Game Ottoman
80%
Brave New World Portugal
80%
Base Game Rome
80%
Base Game Aztec
78%
Base Game Gandhi
78%
DLC Inca
78%
Base Game Egypt
76%
Base Game Persia
76%
Base Game Augustus
74%
Base Game Bismarck
74%
DLC Mongolia
74%
DLC Babylon
72%
Base Game Greece
72%
Brave New World Poland
72%
Brave New World Brazil
70%
Brave New World Indonesia
70%
DLC Korea
70%
Gods & Kings Maya
70%
Brave New World Zulu
70%
DLC Denmark
69%
DLC Genghis Khan
69%
Base Game Alexander
67%
Base Game Arabia
67%
DLC Isabella
67%
Base Game Ramesses II
67%
Gods & Kings Sweden
65%
Brave New World Assyria
63%
Gods & Kings Netherlands
63%
Brave New World Shaka
63%
Gods & Kings Austria
61%
Base Game Iroquois
61%
Base Game Montezuma I
61%
Base Game Suleiman
61%
Gods & Kings Celts
59%
Base Game Songhai
59%
Gods & Kings Boudicca
57%
Brave New World Morocco
57%
Brave New World Pedro II
57%
Base Game Darius
56%
Brave New World Venice
56%
Gods & Kings Ethiopia
54%
Gods & Kings Carthage
52%
Brave New World Casimir
52%
Gods & Kings Huns
52%
Brave New World Maria I
52%
Gods & Kings Dido
50%
Brave New World Shoshone
50%
Base Game Wu Zetian
50%
Gods & Kings Atilla
48%
Gods & Kings Byzantium
48%
Base Game Siam
48%
Base Game Oda Nobunaga
46%
DLC Polynesia
46%
DLC Sejong
46%
DLC Harald Bluetooth
44%
Gods & Kings William
43%
Gods & Kings Gustavus Adolphus
41%
DLC Kamehameha
41%
Gods & Kings Maria Theresa
41%
DLC Nebuchadnezzar II
41%
Gid& Kings Theodora I
41%
Brave New World Enrico Dandolo
39%
Base Game Hiawatha
39%
Base Game Harun al-Rashid
37%
DLC Pachacuti
33%
Base Game Askia
31%
Gods & Kings Haile Selassie
31%
Brave New World Pocatello
31%
Gods & Kings Pacal
28%
Brave New World Gajah Mada
24%
Brave New World Ahmad al-Mansur
20%
Base Game Ramkhamhaeng
15%
Brave New World Ashurbanipul
4%
No matching quizzes found
Score Distribution
Percent of People with Each Score
Percentile by Number Answered
Your Score History
You have not taken this quiz